Statistics for Which has a higher population, this U.S state or this country?

Click here to take the quiz!

General Stats

  • This quiz has been taken 13 times
  • The average score is 10 of 15

Answer Stats

QuestionAnswer% Correct
Maine or Iceland?Maine
92%
New Hampshire or Kuwait?Kuwait
85%
Florida or Ecuador?Florida
77%
Georgia (state) or Georgia (country)?Georgia (state)
77%
Kentucky or Mongolia?Kentucky
77%
North Dakota or Equatorial Guinea?Equatorial Guinea
69%
Wyoming or Fiji?Fiji
69%
Illinois or Sweden?Illinois
69%
Louisiana or Croatia?Louisiana
69%
Pennsylvania or Rwanda?Rwanda
69%
California or Poland?Poland
54%
Nevada or Botswana?Nevada
46%
New York or Taiwan?Taiwan
46%
Montana or Eswatini?Montana
31%
Texas or Ghana?Ghana
23%

Score Distribution

Percentile by Number Answered

Percent of People with Each Score

Your Score History

You have not taken this quiz